000
00283nam a2200109Ia 4500
008
231212s1983 xx 000 0 und d
041
_a
eng
082
_a
660.2842
100
_a
Badri Ram
245
_a
Fundamentals Of Microprocessor & Microcomputers
260
_a
Landon
_b
Prentic
_c
1983
999
_c
964273
_d
964273